Los Desafíos políticos del cambio cultural /

Сохранить в:
Библиографические подробности
Главный автор: Lechner, Norbert
Формат: Текст
Предметы:
Метки: Добавить метку
Нет меток, Требуется 1-ая метка записи!

MARC

LEADER 00000 a a2200000 04500
001 10710
003
040 |a CRAI/IIS  |c CRAI/IIS 
100 |a Lechner, Norbert  
245 |a Los Desafíos políticos del cambio cultural /  |c Norbert Lechner 
650 |a CAMBIO CULTURAL  
650 |a IDENTIDAD CULTURAL  
650 |a INDIVIDUOS  
650 |a IDEOLOGIAS  
650 |a ECONOMIA DE MERCADO  
773 |g número 184; páginas 46-65  
999 |c 19616  |d 19616